| 000 | 00529nam a2200217Ia 4500 | ||
|---|---|---|---|
| 003 | OSt | ||
| 005 | 20140426104049.0 | ||
| 008 | 140130s9999 xx 000 0 und d | ||
| 020 | _a0439390044 | ||
| 050 |
_aE 185.97.K5 _b.R36 2002 |
||
| 100 | _aRappaport, Doreen | ||
| 245 |
_aMartin's Big Words / _cDoreen Rappaport. |
||
| 260 |
_bScholastic, _c2002. _aNew York : |
||
| 300 |
_a40 p. : _bcol. ill. ; _c26 cm. |
||
| 440 | _v1 | ||
| 521 | _aG2 | ||
| 526 | _c410 | ||
| 942 |
_cBK _2lcc |
||
| 999 |
_c40274 _d40274 |
||